[Event "FRA-ch op"]
[Site "Nimes"]
[Date "2014.08.21"]
[Round "5"]
[White "Glotin, Adrien"]
[Black "Cucchi, Fabien"]
[Result "1-0"]
[WhiteElo "1681"]
[BlackElo "1731"]
[PlyCount "52"]
[EventDate "2014.08.17"]
[EventType "swiss"]
[EventRounds "11"]
[EventCountry "FRA"]
[SourceTitle "EXT 2015"]
[Source "ChessBase"]
[SourceDate "2014.11.20"]
[SourceVersion "1"]
[SourceVersionDate "2014.11.20"]
[SourceQuality "1"]

1. d4 d5 2. c4 e6 3. Nc3 c6 4. e3 f5 5. Nf3 Nf6 6. Bd3 Be7 7. 0-0 0-0 8. Ne2 Qe8 9. Qc2 Ne4 10. Nd2 Nd7 11. f3 Nxd2 12. Bxd2 Bd6 13. Rae1 Nf6 14. Ng3 Qg6 15. e4 Bxg3 16. hxg3 Qxg3 17. cxd5 fxe4 18. fxe4 e5 19. dxe5 Bh3 20. Bf4 Qxg2+ 21. Qxg2 Bxg2 22. Kxg2 Nh5 23. Be3 Rfd8 24. d6 Re8 25. Bc4+ Kh8 26. e6 Kg8 1-0

[Event "FRA-ch op-C"]
[Site "Nancy"]
[Date "2013.08.15"]
[Round "4"]
[White "Glotin, Adrien"]
[Black "Pichon, Julien"]
[Result "1/2-1/2"]
[WhiteElo "1632"]
[BlackElo "1738"]
[PlyCount "70"]
[EventDate "2013.08.11"]
[EventType "swiss"]
[EventRounds "11"]
[EventCountry "FRA"]
[SourceTitle "CBM 156 Extra"]
[Source "ChessBase"]
[SourceDate "2013.10.22"]
[SourceVersion "1"]
[SourceVersionDate "2013.10.22"]
[SourceQuality "1"]

1. d4 Nf6 2. c4 g6 3. Nc3 Bg7 4. e4 d6 5. f4 0-0 6. Nf3 c5 7. d5 Bg4 8. Be2 Bxf3 9. Bxf3 Nbd7 10. 0-0 a6 11. a4 Ne8 12. g4 Nc7 13. g5 b5 14. axb5 axb5 15. Rxa8 Qxa8 16. e5 Nb6 17. cxb5 Qa5 18. exd6 exd6 19. Bd2 Nxb5 20. Ne4 Qa2 21. Bc3 Nxc3 22. bxc3 Nxd5 23. Rf2 Qc4 24. Nxd6 Nxc3 25. Nxc4 Nxd1 26. Bxd1 Bd4 27. Kg2 Bxf2 28. Kxf2 f6 29. gxf6 Rxf6 30. Kg3 Kg7 31. Bb3 Ra6 32. Bd1 Rf6 33. Bb3 Ra6 34. Bd1 Rf6 35. Bb3 Ra6 1/2-1/2